000 00607nam a2200217Ia 4500
005 20240503090103.0
008 131103s9999 xx 000 0 und d
020 _aRs.15
040 _aLoreto College
041 _aEnglish
082 _a371.42
_bPRA
100 _aPrashantham,B.J.
245 _aIndian case studies in therapeutic counselling
_cB.J.Prashantham
260 _aTamil Nadu
_bChristian Counselling Centre
_c1988
300 _aviii,155p.
504 _aIncludes references and index
650 _aEducation
651 _aStudent guidance and counseling
850 _aLCBED
942 _cBK
999 _c25975
_d76454